|
|
|
|
| LEADER |
01205nam a22003137a 4500 |
| 001 |
41181 |
| 003 |
BD-DhAAL |
| 005 |
20230510155149.0 |
| 008 |
230510r20001990nyu 001 0 eng d |
| 010 |
|
|
|a 90037525
|
| 020 |
|
|
|a 076071956X
|
| 020 |
|
|
|a 9780760719565
|
| 040 |
|
|
|a DLC
|c DLC
|d DLC
|d BD-DhAAL
|
| 050 |
0 |
0 |
|a HF5351
|b .S74 1990
|
| 082 |
0 |
0 |
|a 650
|2 23
|
| 100 |
|
|
|a Griffith, Joe,
|d 1941-
|9 54190
|
| 245 |
0 |
0 |
|a Speaker's library of business stories, anecdotes, and humor /
|c Joe Griffith.
|
| 260 |
|
|
|a New York :
|b Barnes & Noble Books,
|c c1990 [reprinted 2000].
|
| 300 |
|
|
|a xiv, 394 pages ;
|c 24 cm.
|
| 500 |
|
|
|a Includes index.
|
| 541 |
|
|
|a Complimentary copy from Dr. Sang Hoon Lee, Dean of Brac Business School, Brac University
|e 41181
|
| 650 |
|
0 |
|a Business
|x Anecdotes.
|9 54189
|
| 650 |
|
0 |
|a Business presentations.
|
| 650 |
|
0 |
|a Oral communication.
|
| 740 |
0 |
|
|a Business stories, anecdotes, and humor.
|
| 852 |
|
|
|a Ayesha Abed Library
|c General Stacks
|
| 942 |
|
|
|2 ddc
|c BK
|
| 999 |
|
|
|c 45741
|d 45741
|
| 952 |
|
|
|0 0
|1 0
|2 ddc
|4 0
|6 650_000000000000000_GRI
|7 0
|9 73619
|a BRACUL
|b BRACUL
|c GEN
|d 2023-05-10
|e Complimentary copy from Dr. Sang Hoon Lee
|l 0
|o 650 GRI
|p 3010041181
|r 2023-05-10
|t 1
|w 2023-05-10
|y BK
|